<?xml version="1.0" encoding="UTF-8"?>
<record
    xmlns:xsi="http://www.w3.org/2001/XMLSchema-instance"
    xsi:schemaLocation="http://www.loc.gov/MARC21/slim http://www.loc.gov/standards/marcxml/schema/MARC21slim.xsd"
    xmlns="http://www.loc.gov/MARC21/slim">

  <leader>01268nam a2200253Ia 4500</leader>
  <datafield tag="999" ind1=" " ind2=" ">
    <subfield code="c">34472</subfield>
    <subfield code="d">34472</subfield>
  </datafield>
  <controlfield tag="001">221</controlfield>
  <controlfield tag="003">GE_BSU</controlfield>
  <controlfield tag="005">20240610124742.0</controlfield>
  <controlfield tag="008">181216s2003||||ge |||||||||||||| ||geo||</controlfield>
  <datafield tag="020" ind1=" " ind2=" ">
    <subfield code="a">9992828781</subfield>
  </datafield>
  <datafield tag="040" ind1=" " ind2=" ">
    <subfield code="c">GE_BSU</subfield>
  </datafield>
  <datafield tag="041" ind1=" " ind2=" ">
    <subfield code="a">geo</subfield>
  </datafield>
  <datafield tag="080" ind1=" " ind2=" ">
    <subfield code="a">616-07(075.8) &#x10E2;&#x2013;37</subfield>
  </datafield>
  <datafield tag="100" ind1=" " ind2=" ">
    <subfield code="a">&#x10E2;&#x10D0;&#x10E2;&#x10D8;&#x10E8;&#x10D5;&#x10D8;&#x10DA;&#x10D8;, &#x10DC;&#x10E3;&#x10D2;&#x10D6;&#x10D0;&#x10E0;</subfield>
    <subfield code="9">3227</subfield>
  </datafield>
  <datafield tag="245" ind1=" " ind2=" ">
    <subfield code="a">&#x10E8;&#x10D8;&#x10DC;&#x10D0;&#x10D2;&#x10D0;&#x10DC; &#x10E1;&#x10DC;&#x10D4;&#x10E3;&#x10DA;&#x10D4;&#x10D1;&#x10D0;&#x10D7;&#x10D0; &#x10D3;&#x10D8;&#x10D0;&#x10D2;&#x10DC;&#x10DD;&#x10E1;&#x10E2;&#x10D8;&#x10D9;&#x10D0; :</subfield>
    <subfield code="b">&#x10E1;&#x10D0;&#x10EE;&#x10D4;&#x10DA;&#x10DB;&#x10EB;&#x10E6;. &#x10E1;&#x10D0;&#x10DB;&#x10D4;&#x10D3;. &#x10E3;&#x10DC;-&#x10E2;&#x10D8;&#x10E1; &#x10E1;&#x10E2;&#x10E3;&#x10D3;&#x10D4;&#x10DC;&#x10E2;&#x10D4;&#x10D1;&#x10D8;&#x10E1;&#x10D0;&#x10D7;&#x10D5;&#x10D8;&#x10E1; /</subfield>
    <subfield code="c">&#x10DC;&#x10E3;&#x10D2;&#x10D6;&#x10D0;&#x10E0; &#x10E2;&#x10D0;&#x10E2;&#x10D8;&#x10E8;&#x10D5;&#x10D8;&#x10DA;&#x10D8;, &#x10D8;&#x10E0;&#x10D0;&#x10D9;&#x10DA;&#x10D8; &#x10E2;&#x10D0;&#x10E2;&#x10D8;&#x10E8;&#x10D5;&#x10D8;&#x10DA;&#x10D8;; &#x10E0;&#x10D4;&#x10D3;. &#x10D2;. &#x10E1;&#x10D8;&#x10DB;&#x10DD;&#x10DC;&#x10D8;&#x10D0;.</subfield>
  </datafield>
  <datafield tag="264" ind1=" " ind2=" ">
    <subfield code="a">&#x10D7;&#x10D1;&#x10D8;&#x10DA;&#x10D8;&#x10E1;&#x10D8; :</subfield>
    <subfield code="b">"&#x10E1;&#x10D0;&#x10E5;&#x10D0;&#x10E0;&#x10D7;&#x10D5;&#x10D4;&#x10DA;&#x10DD;&#x10E1; &#x10DB;&#x10D0;&#x10EA;&#x10DC;&#x10D4;&#x10E1;" &#x10D2;&#x10D0;&#x10DB;-&#x10D1;&#x10D0; &#x10D3;&#x10D0; &#x10E1;&#x10E2;.,</subfield>
    <subfield code="c">2003.</subfield>
  </datafield>
  <datafield tag="300" ind1=" " ind2=" ">
    <subfield code="a">349 &#x10D2;&#x10D5;.;</subfield>
    <subfield code="b">&#x10E1;&#x10E3;&#x10E0;., &#x10EA;&#x10EE;&#x10E0;. ;</subfield>
    <subfield code="c">28 &#x10E1;&#x10DB;.</subfield>
  </datafield>
  <datafield tag="541" ind1=" " ind2=" ">
    <subfield code="h">20&#x10DA;.</subfield>
  </datafield>
  <datafield tag="653" ind1=" " ind2=" ">
    <subfield code="a">&#x10DB;&#x10D4;&#x10D3;&#x10D8;&#x10EA;&#x10D8;&#x10DC;&#x10D0;</subfield>
  </datafield>
  <datafield tag="653" ind1=" " ind2=" ">
    <subfield code="a">&#x10E8;&#x10D8;&#x10DC;&#x10D0;&#x10D2;&#x10D0;&#x10DC; &#x10E1;&#x10DC;&#x10D4;&#x10E3;&#x10DA;&#x10D4;&#x10D1;&#x10D0;&#x10D7;&#x10D0; &#x10D3;&#x10D8;&#x10D0;&#x10D2;&#x10DC;&#x10DD;&#x10E1;&#x10E2;&#x10D8;&#x10D9;&#x10D0;</subfield>
  </datafield>
  <datafield tag="700" ind1=" " ind2=" ">
    <subfield code="a">&#x10E2;&#x10D0;&#x10E2;&#x10D8;&#x10E8;&#x10D5;&#x10D8;&#x10DA;&#x10D8;, &#x10D8;&#x10E0;&#x10D0;&#x10D9;&#x10DA;&#x10D8;</subfield>
    <subfield code="e">&#x10D0;&#x10D5;&#x10E2;&#x10DD;&#x10E0;&#x10D8;</subfield>
    <subfield code="9">22377</subfield>
  </datafield>
  <datafield tag="700" ind1=" " ind2=" ">
    <subfield code="a">&#x10E1;&#x10D8;&#x10DB;&#x10DD;&#x10DC;&#x10D8;&#x10D0;, &#x10D2;.</subfield>
    <subfield code="e">&#x10E0;&#x10D4;&#x10D3;&#x10D0;&#x10E5;&#x10E2;&#x10DD;&#x10E0;&#x10D8;</subfield>
    <subfield code="9">3229</subfield>
  </datafield>
  <datafield tag="942" ind1=" " ind2=" ">
    <subfield code="c">BK</subfield>
    <subfield code="2">udc</subfield>
  </datafield>
  <datafield tag="952" ind1=" " ind2=" ">
    <subfield code="0">0</subfield>
    <subfield code="1">0</subfield>
    <subfield code="2">udc</subfield>
    <subfield code="4">0</subfield>
    <subfield code="6">616070758_&#x10E2;37</subfield>
    <subfield code="7">0</subfield>
    <subfield code="9">32044</subfield>
    <subfield code="a">CPL</subfield>
    <subfield code="b">CPL</subfield>
    <subfield code="c">GEN</subfield>
    <subfield code="d">2018-12-17</subfield>
    <subfield code="g">20.00</subfield>
    <subfield code="o">616-07(075.8) &#x10E2;&#x2013;37</subfield>
    <subfield code="p">2327</subfield>
    <subfield code="r">2018-12-17</subfield>
    <subfield code="t">2327</subfield>
    <subfield code="w">2018-12-17</subfield>
    <subfield code="y">BK</subfield>
    <subfield code="z">20 &#x10DA;.</subfield>
  </datafield>
  <datafield tag="952" ind1=" " ind2=" ">
    <subfield code="0">0</subfield>
    <subfield code="1">0</subfield>
    <subfield code="2">udc</subfield>
    <subfield code="4">0</subfield>
    <subfield code="6">616070758_&#x10E2;37</subfield>
    <subfield code="7">0</subfield>
    <subfield code="9">32045</subfield>
    <subfield code="a">CPL</subfield>
    <subfield code="b">CPL</subfield>
    <subfield code="c">GEN</subfield>
    <subfield code="d">2018-12-17</subfield>
    <subfield code="g">20.00</subfield>
    <subfield code="o">616-07(075.8) &#x10E2;&#x2013;37</subfield>
    <subfield code="p">2326</subfield>
    <subfield code="r">2018-12-17</subfield>
    <subfield code="t">2326</subfield>
    <subfield code="w">2018-12-17</subfield>
    <subfield code="y">BK</subfield>
    <subfield code="z">20 &#x10DA;.</subfield>
  </datafield>
  <datafield tag="952" ind1=" " ind2=" ">
    <subfield code="0">0</subfield>
    <subfield code="1">0</subfield>
    <subfield code="2">udc</subfield>
    <subfield code="4">0</subfield>
    <subfield code="6">616070758_&#x10E2;37</subfield>
    <subfield code="7">0</subfield>
    <subfield code="9">32046</subfield>
    <subfield code="a">CPL</subfield>
    <subfield code="b">CPL</subfield>
    <subfield code="c">GEN</subfield>
    <subfield code="d">2018-12-17</subfield>
    <subfield code="g">20.00</subfield>
    <subfield code="o">616-07(075.8) &#x10E2;&#x2013;37</subfield>
    <subfield code="p">2325</subfield>
    <subfield code="r">2018-12-17</subfield>
    <subfield code="t">2325</subfield>
    <subfield code="w">2018-12-17</subfield>
    <subfield code="y">BK</subfield>
    <subfield code="z">20 &#x10DA;.</subfield>
  </datafield>
  <datafield tag="952" ind1=" " ind2=" ">
    <subfield code="0">0</subfield>
    <subfield code="1">0</subfield>
    <subfield code="2">udc</subfield>
    <subfield code="4">0</subfield>
    <subfield code="6">616070758_&#x10E2;37</subfield>
    <subfield code="7">0</subfield>
    <subfield code="9">32047</subfield>
    <subfield code="a">CPL</subfield>
    <subfield code="b">CPL</subfield>
    <subfield code="c">GEN</subfield>
    <subfield code="d">2018-12-17</subfield>
    <subfield code="g">20.00</subfield>
    <subfield code="o">616-07(075.8) &#x10E2;&#x2013;37</subfield>
    <subfield code="p">2324</subfield>
    <subfield code="r">2018-12-17</subfield>
    <subfield code="t">2324</subfield>
    <subfield code="w">2018-12-17</subfield>
    <subfield code="y">BK</subfield>
    <subfield code="z">20 &#x10DA;.</subfield>
  </datafield>
  <datafield tag="952" ind1=" " ind2=" ">
    <subfield code="0">0</subfield>
    <subfield code="1">0</subfield>
    <subfield code="2">udc</subfield>
    <subfield code="4">0</subfield>
    <subfield code="6">616070758_&#x10E2;37</subfield>
    <subfield code="7">0</subfield>
    <subfield code="9">32048</subfield>
    <subfield code="a">CPL</subfield>
    <subfield code="b">CPL</subfield>
    <subfield code="c">GEN</subfield>
    <subfield code="d">2018-12-17</subfield>
    <subfield code="g">20.00</subfield>
    <subfield code="o">616-07(075.8) &#x10E2;&#x2013;37</subfield>
    <subfield code="p">2323</subfield>
    <subfield code="r">2018-12-17</subfield>
    <subfield code="t">2323</subfield>
    <subfield code="w">2018-12-17</subfield>
    <subfield code="y">BK</subfield>
    <subfield code="z">20 &#x10DA;.</subfield>
  </datafield>
  <datafield tag="952" ind1=" " ind2=" ">
    <subfield code="0">0</subfield>
    <subfield code="1">0</subfield>
    <subfield code="2">udc</subfield>
    <subfield code="4">0</subfield>
    <subfield code="6">616070758_&#x10E2;37</subfield>
    <subfield code="7">0</subfield>
    <subfield code="9">32049</subfield>
    <subfield code="a">CPL</subfield>
    <subfield code="b">CPL</subfield>
    <subfield code="c">GEN</subfield>
    <subfield code="d">2018-12-17</subfield>
    <subfield code="g">20.00</subfield>
    <subfield code="o">616-07(075.8) &#x10E2;&#x2013;37</subfield>
    <subfield code="p">2322</subfield>
    <subfield code="r">2018-12-17</subfield>
    <subfield code="t">2322</subfield>
    <subfield code="w">2018-12-17</subfield>
    <subfield code="y">BK</subfield>
    <subfield code="z">20 &#x10DA;.</subfield>
  </datafield>
  <datafield tag="952" ind1=" " ind2=" ">
    <subfield code="0">0</subfield>
    <subfield code="1">0</subfield>
    <subfield code="2">udc</subfield>
    <subfield code="4">0</subfield>
    <subfield code="6">616070758_&#x10E2;37</subfield>
    <subfield code="7">0</subfield>
    <subfield code="9">102353</subfield>
    <subfield code="a">CPL</subfield>
    <subfield code="b">CPL</subfield>
    <subfield code="c">GEN</subfield>
    <subfield code="d">2025-03-19</subfield>
    <subfield code="g">30.00</subfield>
    <subfield code="o">616-07(075.8) &#x10E2;&#x2013;37</subfield>
    <subfield code="p">70887</subfield>
    <subfield code="r">2025-03-19</subfield>
    <subfield code="t">70887</subfield>
    <subfield code="w">2025-03-19</subfield>
    <subfield code="y">BK</subfield>
    <subfield code="z">30 &#x10DA;.</subfield>
  </datafield>
</record>
